000 00459cam a2200181ua 4500
020 _c150.00
041 _aeng
_h
082 _a027.09154
_bGIR/LI
100 _aGirja , Kumar .
245 _aLibrary development in India /
_cGirja Kumar.
_hTextual Documents
250 _a1 /
_b.
260 _aNew Delhi :
_bVikas publishing house pvt ltd ,
_c1986.
300 _a568 ; .
365 _a150.00
504 _a
942 _cBK
999 _c5683
_d5683